| 000 | 00564nam a2200217 a 4500 | ||
|---|---|---|---|
| 001 | 0001-2180 | ||
| 003 | ELIB.Books | ||
| 008 | 190802 2010 eng | ||
| 020 | _a0809035758 | ||
| 092 |
_a956 _bCar |
||
| 100 | _aCary, Stephen G. | ||
| 245 | _aA Compassionate Peace | ||
| 260 |
_aStraus and Giroux _bA Division of Farrar _c1982 |
||
| 300 |
_a226 _c20.5cm |
||
| 650 | _aMiddle East-History | ||
| 856 |
_nKBTS Library _uKBTS Elib |
||
| 942 |
_2ddc _cBK |
||
| 990 | _a1 | ||
| 998 |
_aEnglishbooks.elf _ccat _e2019-08-02 |
||
| 999 |
_c12180 _d12180 |
||